| 000 | 00333 a2200133 4500 | ||
|---|---|---|---|
| 003 | Nust | ||
| 005 | 20170207164750.0 | ||
| 020 | _a978 90 272 5527 3 | ||
| 040 | _cNust | ||
| 245 |
_aTowards a derivational syntax : Survive-minimalism (E Book) _cMichael T. Putnam.(ed) |
||
| 260 |
_bJohn Benjamins _c2009 |
||
| 300 | _a281p | ||
| 500 | _ae book | ||
| 942 |
_2ddc _cBK |
||
| 999 |
_c209992 _d209992 |
||